[Event "Ubeda op 5th"]
[Site "Ubeda"]
[Date "2000.01.24"]
[Round "6"]
[White "Gallego Jimenez, Victoriano"]
[Black "Barsov, Alexei"]
[Result "0-1"]
[WhiteElo "2359"]
[BlackElo "2521"]
[Annotator "Ribli,Z"]
[PlyCount "52"]
[EventDate "2000.01.19"]
[EventType "swiss"]
[EventRounds "10"]
[EventCountry "ESP"]
[SourceTitle "CBM 075"]
[Source "ChessBase"]
[SourceDate "2000.04.05"]
[SourceVersion "1"]
[SourceVersionDate "2000.04.05"]
[SourceQuality "1"]

1. d4 e6 2. c4 Nf6 3. g3 d5 4. Nf3 dxc4 5. Bg2 a6 6. O-O Nc6 {Diese Variante -
das ist sehr populär in der modernen Turnierpraxis - gibt Schwarz gute Chancen
zu Gegenspiel.} 7. Nc3 Rb8 (7... Bb4 $5 8. Qc2 O-O 9. Rd1 Rb8 (9... Qe7) 10.
Ne5 $5 (10. e4 Be7 11. Qe2 $44) 10... Nxd4 (10... Nxe5 11. dxe5 Nd7 12. Ne4 $44
) 11. Qd2 Nc6 (11... Bc5 $5 12. e3 Nc6 13. Qe2 Nxe5 14. Rxd8 Rxd8 $44) 12. Nxc6
Qxd2 13. Nxb4 $1 Qxd1+ 14. Nxd1 $14 {Ulibin,M-Tunik,G/Russia (ch) 73/(555)
1998/Inf 73/[Tunik,G] (14)}) 8. Ne5 (8. e4) 8... Nxe5 (8... Nxd4 $4 {Das ist
ein bekannter Fehler in dieser Variante.} 9. e3 $18) 9. dxe5 Qxd1 (9... Nd7 $5)
10. Rxd1 Nd7 (10... Ng4 11. Bf4 $44 {Der Springer steht etwas unglücklich auf
g4, und Weiß muss anschließend h3 spielen.}) 11. f4 b5 12. a4 b4 (12... Bb7 13.
Bxb7 Rxb7 14. axb5 axb5 15. Ra8+ Nb8 16. Be3 Be7 17. Ne4 $44 {Weiß hat
positionellen Druck am Damenflügel.}) 13. Ne4 Bb7 (13... Nc5 14. Be3 (14. Nxc5
Bxc5+ $15) 14... Nb3 15. Rac1 $1 {Das ist ein schönes Ablenkungsmotiv.} Nxc1
16. Nf6+ gxf6 17. Bc6+ Bd7 18. Bxd7+ (18. Rxd7 Nb3 $11 19. exf6 $2 Bc5 $19)
18... Kd8 19. Bxe6+ Ke8 20. Bxc4 $44) 14. Nd2 (14. Rd4 $2 Bd5 $17) 14... Bd5 $1
{Dieser Zug ist viel besser als der Läufertausch. Schwarz provoziert den Zug
e2-e4, der den katalanischen Läufer einschließt.} (14... Bxg2 15. Kxg2 c3 16.
bxc3 bxc3 17. Nc4 c2 (17... Bb4 $1 18. Be3 $13) 18. Rf1 {1-0 Rogers,I-Barsov,A/
Hoogeveen (open) 1997/Inf 71/[Rogers,I] (30)}) 15. e4 Bc6 16. Nxc4 Nc5 {
[%csl Yb3] Schwarz hat ausgezeichnetes Figurenspiel - der Punkt b3 ist ein
positionelles Loch in der weißen Stellung.} 17. Be3 Nb3 $1 $15 {[%mdl 2048]} (
17... Nxa4 $6 18. Rdc1 $44 {Schwarz hat Felderschwächen am Damenflügel - Weiß
besitzt ausreichende Kompensation.}) 18. Ra2 {Der Turm steht katastrofal auf
a2, andernfalls aber verliert Weiß den a-Bauern.} (18. Rab1 Bxa4 $17) 18... Bc5
19. Kf2 (19. Bxc5 Nxc5 {[%csl Ra4,Re4]}) 19... O-O (19... Ke7 $15) 20. Bxc5 (
20. a5 Rbd8 $17 (20... Bb5 $17)) 20... Nxc5 21. Rda1 (21. a5 Bxe4 $17 (21...
Rbd8 $15)) 21... b3 $5 $17 (21... Bxe4 $17) 22. Ra3 Rb4 {Schwarz steht so gut,
dass er auf das Schlagen des Pe4 verzichten kann.} (22... Bxe4 23. Bxe4 Nxe4+
$17) 23. Na5 Bxa4 $6 {Schwarz hat einen Bauern mehr, und seine Figuren stehen
besser. Meiner Meinung nach wäre das Schalgen des Zentrumsbauern auf e4 jedoch
vorzuziehen.} (23... Bxe4 $17) 24. Ke3 Bb5 (24... Rd8 25. Rc1 $44) 25. Rc1 $132
{Weiß kommt endlich zu etwas Gegenspiel und kann seine Figuren aktivieren.} Nd3
26. Rxc7 Ne1 {[%csl Ra3][%cal Re1c2,Rc2a3,Re1g2] Weiß gab auf, oder
überschritt er die Zeit? Seine Stellung scheint mir haltbar, auch wenn Schwarz
die Initiative hat.} (26... Ne1 27. Kf2 (27. Rxb3 Nxg2+ 28. Kf2 Nxf4 29. gxf4 (
29. Rxb4 $2 Nd3+ $19) 29... Rxe4 $17) 27... Nxg2 (27... Nd3+ 28. Ke3 Nxb2 29.
Rxb3 $15) (27... Nc2 $2 28. Rxb3 $16) 28. Kxg2 Rxe4 29. Rxb3 Re2+ $15) 0-1

[Event "EU-chT (Men) 15th"]
[Site "Gothenburg"]
[Date "2005.07.30"]
[Round "1.3"]
[White "Avrukh, Boris"]
[Black "Mikhalchishin, Adrian"]
[Result "1-0"]
[WhiteElo "2652"]
[BlackElo "2526"]
[Annotator "Ribli,Z"]
[PlyCount "103"]
[EventDate "2005.07.30"]
[EventType "team-swiss"]
[EventRounds "9"]
[EventCountry "SWE"]
[SourceTitle "CBM 109"]
[Source "ChessBase"]
[SourceDate "2005.11.14"]
[SourceVersion "1"]
[SourceVersionDate "2005.11.14"]
[SourceQuality "1"]
[WhiteTeam "Israel"]
[BlackTeam "Slovenia"]
[WhiteTeamCountry "ISR"]
[BlackTeamCountry "SLO"]

1. d4 Nf6 2. c4 e6 3. g3 d5 4. Bg2 dxc4 5. Nf3 c5 6. O-O Nc6 7. Na3 {Eine
selten gespielte Fortsetzung statt des Traditionellen 7.Qa4. Der Springerzug
erinnert mich an 7.Ne5 Bd7 8.Na3.} cxd4 (7... Nxd4 8. Nxd4 (8. Nxc4 $44) 8...
cxd4 9. Nxc4 $44) 8. Nxc4 Bc5 9. a3 (9. Bf4 Nd5 10. Nfe5 Nxf4 11. gxf4 O-O 12.
Nxc6 bxc6 13. Rc1 Bb6 14. Ne5 Bb7 15. Qd3 Rc8 16. Bxc6 Bxc6 17. Nxc6 Qd6 18.
Qf3 {0-1 Vasallo,M-Cordovil,J/Loures 1998/CBM 67 ext (49)}) (9. Nfe5 Nxe5 10.
Nxe5 O-O 11. Bg5 h6 12. Rc1 Bb6 13. Bd2 Nd5 14. Qb3 Bd7 15. Bxd5 exd5 16. Qxd5
Bh3 17. Qxd8 Raxd8 18. Rfe1 Be6 19. b3 {1/2-1/2 Molnar,A-Mathe,G/Hungary 2003/
EXT 2005 (19)}) 9... a5 10. Bf4 {[%csl Gf4][%cal Gf4b8] Weiß kann den Bauern
nicht zurückgewinnen, er spielt auf dauerhafte Kompensation, besitzt
Entwicklungsvorteil und kontrolliert das Feld e5.} (10. Bg5 h6 11. Bxf6 Qxf6
12. Qa4 Bd7 13. Qb5 Qe7 14. Qxb7 Ra7 15. Qb3 a4 16. Qc2 O-O 17. Rfc1 Na5 {
1/2-1/2 Shpilker,B-Shur,M/USSR 1985 (50)}) 10... O-O 11. Rc1 (11. Nfe5 Bd7 12.
Rc1 Rc8 13. Nxd7 Nxd7 14. Nd6 e5 15. Nxc8 exf4 16. Bxc6 bxc6 17. b4 axb4 18.
axb4 Bxb4 19. Na7 Bc5 20. Nxc6 Qf6 {1/2-1/2 Sulava,N-Arlandi,E/Copenhagen 1982/
EXT 2000 (76)}) 11... Bd7 (11... Qe7 12. Nfe5 Nxe5 13. Bxe5 Rd8 14. Qc2 a4 15.
Nd2 Bb6 {1/2-1/2 Boensch,U-Chernin,A/Graz 2002/(15)}) (11... Nd5 $5) 12. Nd6
$44 {[%csl Gc1,Gd6,Gf4] Weiß hat ausgezeichnete Kompensation für den Bauern;
seine Figuren stehen sehr aktiv.} Qb6 (12... b6 13. Nb7 Qe7 14. Rxc5 bxc5 15.
Bd6 Qe8 16. Nxc5 Ne7 17. Nxd4 $36) 13. Nxb7 Be7 (13... Qxb7 14. Rxc5 Qxb2 15.
Ne5 Nxe5 16. Bxa8 $16) 14. Ne5 (14. Nd6 $14) 14... Nxe5 15. Bxe5 Nd5 16. Bxd5 (
16. Qxd4 Qxb7 17. Rc7 Qb5 18. a4 Qxa4 19. Qxa4 Bxa4 20. Bxd5 exd5 21. Rxe7 Rfe8
22. Rxe8+ Rxe8 23. Ra1 Bd7 24. Bc3 a4 25. e3 $11) 16... exd5 17. Rc7 {Die
weißen Figuren stehen sehr aktiv, aber Schwarz hat ausreichende Verteidigung.}
Bf6 18. Rxd7 Bxe5 19. Rxd5 Rfe8 $2 {Schwarz verkompliziert das Spiel; statt
dessen konnte er die Stellung vereinfachen.} (19... Qxb7 20. Rxe5 Qxb2 $11) 20.
Nc5 {[%cal Gc5d3]} Qc6 (20... Qxb2 21. Nd3 Qb8 22. Nxe5 Rxe5 23. Rxd4) 21. Qb3
Bd6 $2 (21... Rab8 22. Qf3 $14) 22. Rc1 (22. Qb7 $1 Qxb7 (22... Rac8 23. Qxc6
Rxc6 24. Nb3 Rxe2 25. Nxa5 (25. Nxd4 Rd2)) 23. Nxb7 Bf8 24. Nxa5 Rxe2 25. b4
$18) 22... Rxe2 23. Nd3 $16 {[%csl Gd3][%mdl 32] Der Nd3 steht ausgezeichnet
und verteidigt alles in der weißen Stellung. Schwarz hat kein Gegenspiel und
seine Bauern (a5P und d4P) sind schwach.} Qa6 24. Rxd4 (24. Qc4 $16) 24... h6 (
24... Rae8 25. Qd5 Bf8 26. Rc7) 25. Qd5 Be7 (25... Bf8 26. Rc7) 26. Qf3 Re6 27.
Nf4 Re5 28. Nd5 Rb8 29. Kg2 (29. Re4 Rxe4 30. Qxe4 Bf8 31. b4 $16) 29... Bg5 (
29... Rxb2 30. Rc6 Qe2 31. Rc8+ Bf8 32. Nf6+ gxf6 33. Qxf6 $18) 30. Rc7 (30.
Rc6) 30... Rf8 31. h4 Bd8 {[%csl Gd5,Rd8] In dieser Partie verfügt der Läufer
über keine gute Felder; der Nd5 dominiert auf dem Brett.} 32. Rd7 {[%csl Gd4,
Gd5,Gd7,Gf3][%mdl 2048] Weiß hat nur einen Bauern mehr, aber sein Figurenspiel
ist sehr stark. Schwarz kann nur die unmittelbaren Drohungen verteidigen, er
hat keine Chancen auf aktives Spiel.} Qc8 33. Rd6 Re1 (33... Be7 34. Rc6) 34.
Rd1 (34. Qc3 Qxc3 35. bxc3 $16 (35. Nxc3 Bf6 36. Rc4 Rb8)) 34... Rxd1 35. Qxd1
Qb7 36. Kg1 Kh8 (36... Qxb2 37. Rxd8 $18) 37. Qd4 {[%cal Rd6h6] Es droht 38.
Rxh6+.} Kh7 38. Qe4+ (38. Rxd8 Rxd8 39. Nf6+ gxf6 40. Qxd8 Qxb2 41. Qxa5 $18)
38... Kh8 39. Qe5 Kh7 40. b4 {Weiß mobilisiert seinen Mehrbauern.} axb4 41.
axb4 {[%csl Gb4]} Qc8 42. b5 $18 Ba5 43. b6 Re8 44. Ne7 (44. Nf6+ gxf6 45. Qxa5
$18) 44... Qc1+ 45. Kg2 Qb1 46. Qxa5 (46. Qf5+ $2 Qxf5 47. Nxf5 Rb8 48. Rd7
Bxb6 49. Rxf7 Kg6 50. Nd6 Rd8 51. h5+ Kxh5 $11) 46... Rxe7 47. Qd5 {[%csl Gd5]
Die zentralisierte weiße Dame kontrolliert das Spielgeschehen.} Re1 48. b7 Rg1+
49. Kh2 Rf1 50. Qf3 Qc2 51. Kg2 Rb1 52. Rd8 1-0

[Event "Hastings 00 75th"]
[Site "Hastings"]
[Date "2000.01.08"]
[Round "5"]
[White "Lalic, Bogdan"]
[Black "Chandler, Murray G"]
[Result "0-1"]
[WhiteElo "2548"]
[BlackElo "2527"]
[Annotator "Ribli,Z"]
[PlyCount "82"]
[EventDate "2000.01.04"]
[EventType "tourn"]
[EventRounds "9"]
[EventCountry "ENG"]
[EventCategory "13"]
[SourceTitle "CBM 075"]
[Source "ChessBase"]
[SourceDate "2000.04.05"]
[SourceVersion "1"]
[SourceVersionDate "2000.04.05"]
[SourceQuality "1"]

1. d4 Nf6 2. c4 e6 3. g3 d5 4. Nf3 dxc4 5. Bg2 a6 6. O-O Nc6 {Das ist eine
schlaue Variante: Schwarz spielt zuerst 5...a6, um nur im Falle von 6.0-0 mit
6...Nc6 zu antworten. Spielt Schwarz statt 5...a6 sofort 5...Nc6, dann kann
Weiß 6.Qa4 ziehen.} 7. Nc3 (7. e3 Bd7 8. Qe2) 7... Rb8 8. e4 (8. e3) 8... Be7
9. Qe2 {Dieser Zug ist riskant. Ich bin nicht davon überzeugt, dass Weiß
ausreichend Kompensation für den Bauern bekommt. Die bescheidenere Alternative
9.d5 mit Rückeroberung des Bauern halte ich für sicherer.} (9. d5 exd5 10. exd5
Nb4 11. Ne5 Bf5 12. a3 Nd3 13. Nxc4 Nxc1 14. Rxc1 O-O 15. b4 Ne8 16. Qf3 g6 17.
Rfe1 Nd6 18. Nxd6 Bxd6 19. Ne4 Bxe4 20. Rxe4 Qg5 {1/2-1/2 Ruck,R-Tukmakov,V/
Porec 1998/EXT 99 (31)}) 9... b5 (9... Nxd4 $6 10. Nxd4 Qxd4 11. Rd1 $44 {|^})
10. Rd1 (10. d5 Nb4 11. Ne5 Bd6 12. f4 Bb7 13. a3 Nd3 14. Nxd3 cxd3 15. Qxd3
exd5 16. exd5 O-O 17. Be3 Re8 18. Rfe1 b4 19. axb4 Bxb4 20. Bd4 Rxe1+ 21. Rxe1
Nxd5 22. Rd1 Nxc3 23. bxc3 Bf8 {1/2-1/2 Adrian,C-Marciano,D/France 1996/CBM 54
ext (36)}) 10... Nb4 $5 {Schwarz möchte Nd3 ziehen und so die Aktivität des
Rd1 einschränken.} (10... O-O 11. d5 exd5 12. e5 Nd7 (12... Nb4 13. exf6 Bxf6
14. Ne5 Bb7 15. a3 Re8 16. axb4 Rxe5 17. Qc2 c6 18. Ne4 {1-0 Raetsky,A-Astrom,
R/Hafnarfjordur 1997/CBM 62 ext (36)}) 13. Nxd5 Nb4 $1 14. Nxb4 (14. e6 $5 Nxd5
15. exd7 Bb7 16. Ne5 $13) 14... Bxb4 15. Nd4 Rb6 16. Nc6 Rxc6 17. Bxc6 Qe7 $15
{ . 0-1 Summermatter,D-Sveshnikov,E/Bern 1992/Inf 54/[Sveshnikov,E] (31)}) (
10... b4 11. d5 exd5 12. Nxd5 Nxd5 13. exd5 Na5 14. Bg5 h6 15. Nd4 Kf8 16. Nc6
Nxc6 17. dxc6 Qe8 18. Bxe7+ Qxe7 19. Qxc4 {1-0 Ulibin,M-Polgar,S/Oviedo 1993/
CBM 38 ext (28)}) 11. Ne5 Nd7 $5 $13 {Eine sehr logische Fortsetzung. Die
weiße Drohung war 12.a3 mit Vertreibung des Nb4, während Schwarz jetzt auf 12.
a3 mit 12...Nxe5 13.dxe5 Nd3 reagiert - mit besserem Spiel.} (11... Bb7 12. a3
{Ich möchte anmerken, dass dieselbe Stellung in der Partie Horvath,J - Luther,
T Budapest 1991 gespielt wurde. Allerdings mit einem Mehrtempo für Schwarz,
weil Weiß dort zuerst e3 und später e4 spielte.} Nd3 13. Nxd3 cxd3 14. Rxd3 O-O
15. g4 Nd7 16. b4 {1-0 Ivanisevic,I-Abramovic,B/Vrnjacka Banja 1999/EXT 2000 
(39)}) 12. b3 {Weiß hat etwas Aktivität, aber bei gutem Spiel kann Schwarz
diese Initiative neutralisieren.} Nxe5 (12... cxb3 $2 13. a3 (13. axb3 Bb7 $15)
13... Nc2 14. Nc6 $18) 13. dxe5 Nd3 {[%csl Gd3]} 14. Be3 (14. Rb1 Bb7 $15 (
14... Bd7 $15)) 14... O-O 15. f4 {Weiß hat scheinbar eine starke Bauernmasse
am Königsflügel, aber in Wirklichkeit kann er praktisch nie f4-f5 ziehen. Der
katalanische Läufer bleibt deshalb auf g2 eingeschlossen.} Bb4 $15 16. Qc2 Qe7
17. Ne2 a5 {[%cal Gc8a6] Schwarz bereitet den Zug Ba6 vor. Der Pc4 hängt nicht
wegen des Motivs Nb2.} 18. h4 {Eigentlich ein bitterer Wartezug, der deutlich
macht, dass Weiß nichts für den Bauern hat.} (18. bxc4 bxc4) (18. Nd4 Bd7 $15)
18... Ba6 {[%csl Gd3][%mdl 1024] Der Stolz der schwarzen Stellung ist der
Springer auf d3. Er steht ausgezeichnet und paralysiert das weiße Spiel.} 19.
Kh2 Rfd8 20. Nd4 Qe8 21. bxc4 (21. Bf1 c5 22. Nf3 a4 $17) 21... bxc4 22. Rab1
a4 {Der schwarze Plan ist klar: Er möchte den Springer nach a3 noch aktiver
platzieren, nämlich nach b2.} 23. Bf1 c5 24. Ne2 a3 $17 {Schwarz hat nicht nur
Materialvorteil, sonderm auch die bessere Stellung.} 25. Nc1 Nb2 26. Rd6 {
Weiß hofft, dass er seine Bauernstellung nach eventuellem Turmtausch auf d6
noch verbessern könnte.} (26. Rxd8 Rxd8 $17) 26... Bb5 {[%cal Gb5a4,Ga4d1]} 27.
Ne2 Ba4 28. Qc1 Nd1 {[%mdl 2048] Es droht einfach c3-c2. Schwarz hat
überzeugendes Figurenspiel.} 29. Bd2 c3 $1 {Eine ausgezeichnete Vereinfachung.
Nach forcierten Zügen erreicht Schwarz eine Gewinnstellung.} (29... Bxd2 30.
Rxb8 Rxb8 31. Rxd2 Rb2 32. Rxd1 Bxd1 33. Qxd1 Rxa2 34. Kh3 $15) 30. Nxc3 (30.
Bxc3 Nxc3 31. Nxc3 Rxd6 32. exd6 Bxc3 {Das ist nur eine Zugumstellung zur
Partiefortsetzung.}) 30... Rxd6 31. exd6 Nxc3 32. Bxc3 Bxc3 33. Rxb8 Qxb8 34.
Qxa3 (34. Qxc3 Qb2+ {Das ist die Pointe des schwarzen Spiels! Die Bauern sind
nicht aufzuhalten.} 35. Qxb2 axb2 36. Bd3 c4 37. Bb1 c3 $19) 34... Qb2+ 35.
Qxb2 Bxb2 $19 {Mit einer Mehrfigur steht Schwarz auf Gewinn.} 36. Bc4 Kf8 37.
Kg2 Ke8 38. Kf3 Kd7 39. e5 Bc6+ 40. Ke3 Bd4+ 41. Ke2 f6 {Und in verlorener
Stellung gab Weiß endlich auf.} 0-1

[Event "RUS-chT 11th"]
[Site "Sochi"]
[Date "2004.04.20"]
[Round "1.1"]
[White "Fominyh, Alexander"]
[Black "Alekseev, Evgeny V"]
[Result "0-1"]
[WhiteElo "2579"]
[BlackElo "2616"]
[Annotator "Ribli,Z"]
[PlyCount "74"]
[EventDate "2004.04.20"]
[EventType "team-tourn"]
[EventRounds "9"]
[EventCountry "RUS"]
[SourceTitle "EXT 2020"]
[Source "ChessBase"]
[SourceDate "2019.10.17"]
[SourceVersion "1"]
[SourceVersionDate "2019.10.17"]
[SourceQuality "1"]
[WhiteTeam "Vladivostok Debiut-DVGU"]
[BlackTeam "Togliatti Lada"]
[WhiteTeamCountry "RUS"]
[BlackTeamCountry "RUS"]

1. d4 Nf6 2. c4 e6 3. g3 Bb4+ 4. Nd2 {Dieser Springerzug wird selten gespielt,
häufiger kommt 4.Bd2.} d5 5. Ngf3 dxc4 6. Bg2 a5 {Schwarz bereitet so die
Möglichkeit b7-b5 vor, und im Falle von späterem Ne5 hat Schwarz
Zugoeglichkeiten mit dem Turm auf der a-Linie.} (6... O-O 7. Qc2 b5 8. a4 bxa4
9. O-O Bb7 10. Nxc4 Nbd7 11. Rxa4 (11. Bg5 h6 12. Bxf6 Nxf6 13. Nce5 Be4 14.
Qxa4 c5 15. Nc6 Bxc6 16. Qxc6 cxd4 17. Qc4 a5 18. Nxd4 {1/2-1/2 Dorfman,
J-Dizdar,G/Absam 2002/EXT 2003 (18)}) (11. Rd1 $5 Nb6 12. Nfe5 Bxg2 13. Kxg2
Qd5+ 14. f3 Qb5 15. Na3 Bxa3 16. bxa3 Rfe8 17. Rb1 Qa6 18. e4 Rac8 19. Nc6 {
1-0 Mikhalevski,V-Ruderfer,M/Israel 2002/EXT 2003 (49)}) 11... a5 12. Bd2 Be4 (
12... Bc6 $5 13. Raa1 Be4) 13. Qd1 $5 c5 14. dxc5 Bc6 $1 (14... Nxc5 $2 15.
Bxb4 Nxa4 16. Bxf8 Qxd1 17. Rxd1 Kxf8 18. Ra1 $16) 15. Rxb4 $1 axb4 16. Bxb4
Ra4 (16... Qc7 $5 17. Ba3 Rfb8 $13) 17. Nd4 $1 Bxg2 18. Qxa4 Bxf1 19. Kxf1 {
1-0 Gelfand,B-Almasi,Z/Monte Carlo 2003/CBM 93 ext/[Gelfand] (37)}) 7. O-O (7.
a3 Bxd2+ 8. Qxd2 Ra6 9. a4 $44) 7... b5 8. a3 {Weiß verjagt den Läufer von b4.
Gewöhnlich wird hier 8.b3 gespielt, wonach Weiß einige Kompensation für den
Bauern bekommt.} Be7 (8... Bxd2 $5 9. Qxd2 (9. Bxd2 Bb7) 9... Bb7 (9... O-O 10.
Ne5 $44) 10. Qg5 {[%cal Rg5b5,Rg5g7]} O-O 11. Qxb5 Bd5 $13) 9. a4 (9. b3 cxb3
10. Qxb3 Ba6 11. Bb2 O-O $13 {Weiß hat einige Kompensation für den Bauern,
aber ich bin nicht ganz sicher, ob das genügend ist.}) 9... c6 10. Ne5 Nd5 $15
{Schwarz hat einen Bauern mehr und Weiß hat nichts Konkretes als Kompensation
für den Bauern.} (10... Ra6) 11. Ne4 (11. b3 cxb3 12. Qxb3 Ba6 $15) 11... O-O
12. Nc3 (12. Nc5 f6 13. Nf3 Na6 14. Nxa6 Bxa6 $15) 12... Ba6 13. Qc2 (13. e4
Nxc3 14. bxc3 f6 $15) 13... Ra7 {Der Turm kommt auf der 7. Reihe ins Spiel.}
14. Rd1 Rb7 (14... f6 $15) 15. axb5 cxb5 16. Nxd5 (16. e4 Nb4 17. Qe2 f6 $15)
16... exd5 17. e4 (17. Qf5 Ra7 $15 {[%cal Ga6c8,Gc8f5]}) 17... f6 18. Ng4 Nc6
$1 {[%cal Gc6b4]} (18... Rd7 19. Ne3 dxe4 20. Bxe4 g6 21. Bxg6 hxg6 22. Qxg6+
Kh8 23. Qh6+ $11) 19. exd5 (19. Ne3 Nb4 $15) 19... Nb4 20. Qf5 Bd6 {[%csl Gd6,
Rg2] Schwarz blockiert den d-Bauern, so erhält der g2B keine aktiven
Möglichkeiten.} 21. Ne3 Re7 22. Qf3 Bc8 {[%mdl 256] Auf diese Weise kann sich
Schwarz gegen 23.Nf5 verteidigen.} 23. Nf5 Bxf5 24. Qxf5 a4 $17 {Schwarz hat
eine gesunde Bauernstruktur und die weißen Bauern auf der d-Linie sind gut
blockiert.} 25. Bf1 Qe8 (25... Qd7 $17) (25... Qc8 $17) 26. Rb1 Qg6 {Weiß kann
den Damentausch nun nicht vermeiden.} 27. Qxg6 hxg6 28. Bd2 Kf7 29. h4 Rfe8 {
[%cal Ge8e1]} 30. Bxb4 (30. Bh3 f5 31. Bg5 Re2 $17) 30... Bxb4 {[%mdl 4096]}
31. Bh3 f5 32. h5 Re1+ $1 33. Rxe1 (33. Kg2 Rxd1 34. Rxd1 c3 $19) 33... Rxe1+
34. Rxe1 Bxe1 {Meistens sind Endspiele mit ungleichfarbigen Läufern bei
materiellem Gleichgewicht remis, aber hier steht Schwarz auf Gewinn, der weiße
Läufer steht abseits und Schwarz gewinnt leicht mit seiner Mehrheit am
Damenflügel.} 35. hxg6+ Kf6 $1 (35... Kxg6 36. d6 Ba5 $19) 36. d6 c3 $19 {
[%csl Ga4,Gb5]} 37. d7 Ke7 0-1